|
|
|
|
| LEADER |
00000nab a2200000 ar4500 |
| 001 |
vtls009938088 |
| 003 |
SK-MaSNL |
| 005 |
20260303045036.0 |
| 008 |
090810c2009 xo sr|p|||||||000 b|slo |
| 015 |
|
|
|a SNBRB2009/08
|2 snkbucl
|
| 038 |
|
|
|a SNKBUCL
|
| 040 |
|
|
|a SNKBUCL
|b slo
|c SNKBUCL
|e AACR2
|
| 041 |
0 |
|
|a slo
|
| 044 |
|
|
|a xo
|c SK
|
| 080 |
|
|
|a 349.2
|2 2001
|
| 080 |
|
|
|a 340.133
|2 2001
|
| 080 |
|
|
|a 3331.1
|2 2001
|
| 100 |
1 |
|
|a Tomiová, Sandra
|4 aut
|9 1035050
|
| 245 |
1 |
0 |
|a Zákonník práce - novela
|c Sandra Tomiová
|
| 630 |
0 |
7 |
|a Zákonník práce
|2 snkbucl
|9 382282
|
| 650 |
0 |
7 |
|a novelizácia
|2 snkbucl
|9 393155
|
| 773 |
0 |
|
|t Verejná správa : školy, úrady, obce, kultúra, zdravotníctvo, rozpočtové, príspevkové, neziskové organizácie
|g Č. 3 (2010), s. 43-45
|x 1337-0448
|
| 852 |
|
|
|a SNK
|b KIS3GCP
|
| 999 |
|
|
|c 1702356
|d 1704286
|